• 首页
  • 本馆介绍
  • 公告通知
  • 最新文献
  • 馆藏检索
  • 电子资源
  • 读者导购
  • 参考咨询
  • 我的图书馆
  • 登录
  • 详细信息显示
  • 放入我的书架
  • 预约/预借图书
  • 作者相关作品
  • 分类相关作品
  • 丛书相关作品
  • 出版社相关作品

书目信息

  • 表格格式
  • 工作单格式
  • 卡片格式
题名:
课程知识观研究
    
 
作者: 张良 著
分册:  
出版信息: 重庆   西南师范大学出版社  2017
页数: 192页
开本: 24cm
丛书名: 学校教育理论的创新与实践丛书
单 册:
中图分类: G423.04
科图分类:
主题词: 课程--研究
电子资源:
ISBN: 978-7-5621-8323-5
000 01438oam2 2200265 450
001 309
005 20180520204938.20
010    @a978-7-5621-8323-5@dCNY48.00
100    @a20170905d2017 em y0chiy50 ea
101 0  @achi
102    @aCN@b500000
105    @aa z 000yy
200 1  @a课程知识观研究@9ke cheng zhi shi guan yan jiu@e从表征主义到生成主义@f张良著
210    @a重庆@c西南师范大学出版社@d2017
215    @a192页@c图@d24cm
225 1  @a学校教育理论的创新与实践丛书@f靳玉乐总主编
300    @a中国博士后科学基金第58批面上资助、第九批特别资助 重庆市教育科学“十三五”规划重点课题“课程知识观重建的知识论路径及其实践构建研究”研究成果 新疆师范大学自治区文科基地“新疆教师教育研究中心”重大项目“教师课程知识观的现代转型及其实践路径研究”研究成果
330    @a本书从对当前课程困境的知识观批判开始,深入检讨了这一知识观的知识论基础,即表征主义知识论的内涵、传统、局限,以及教育思想史的演进、现实实践症结等理论、历史与实践问题。在结合知识论、科学哲学及认知科学等相关研究领域最新成果基础上,探寻了生成主义知识论对传统表征主义知识论重构与超越的脉络,并翔实讨论了将生成主义作为课程知识观知识论基础的现实性、意义性以及实践性等论题。
461  0 @12001 @a学校教育理论的创新与实践丛书
517 1  @a从表征主义到生成主义@9cong biao zheng zhu yi dao sheng cheng zhu yi
606 0  @a课程@x研究
690    @aG423.04@v5
701  0 @a张良@9zhang liang@f(1986-)@4著
801  0 @aCN@b91MARC@c20170905
905    @aMuseLib@dG423.04@e304
    
    课程知识观研究:从表征主义到生成主义/张良著.-重庆:西南师范大学出版社,2017
    192页:图;24cm.-(学校教育理论的创新与实践丛书/靳玉乐总主编)
    中国博士后科学基金第58批面上资助、第九批特别资助 重庆市教育科学“十三五”规划重点课题“课程知识观重建的知识论路径及其实践构建研究”研究成果 新疆师范大学自治区文科基地“新疆教师教育研究中心”重大项目“教师课程知识观的现代转型及其实践路径研究”研究成果
    
    ISBN 978-7-5621-8323-5:CNY48.00
    本书从对当前课程困境的知识观批判开始,深入检讨了这一知识观的知识论基础,即表征主义知识论的内涵、传统、局限,以及教育思想史的演进、现实实践症结等理论、历史与实践问题。在结合知识论、科学哲学及认知科学等相关研究领域最新成果基础上,探寻了生成主义知识论对传统表征主义知识论重构与超越的脉络,并翔实讨论了将生成主义作为课程知识观知识论基础的现实性、意义性以及实践性等论题。
●
相关链接 在E读中查询图书 在五车中查询图书 在当当中查询图书 在豆瓣中查询图书


正题名:课程知识观研究     索取号:G423.04/304         预约/预借

序号 登录号 条形码 馆藏地/架位号 状态 备注
1 1101786   211017861   第一样本阅览室/ [索取号:G423.04/304] 在馆    
2 1101787   211017870   教育系资料室/ [索取号:G423.04/304] 在馆    
3 1101788   211017889   教育系资料室/ [索取号:G423.04/304] 在馆    
4 1101789   211017898   教育系资料室/ [索取号:G423.04/304] 在馆    
5 1101790   211017905   第四借阅区/ [索取号:G423.04/304] 在馆    
6 1101791   211017914   第四借阅区/ [索取号:G423.04/304] 在馆    
唐山师范学院图书馆 欢迎您!
大连网信软件有限公司© 版权所有